00000000nam##2200000za#4500
0019.523577
003CaOODSP
00520210615083025
007ta
008150406|1994||||xxc|||||     f|0| 0 fre|d
020 |a0-660-59106-5
022 |a0706-148X
040 |aCaOODSP|bfre
041 |aeng
041 |afre
043 |an-cn---
0861 |aS52-2/222-1994
1101 |aCanada.|bTravaux publics et Services gouvernementaux Canada. |bServices de traduction.
24510|aVocabulaire de la violence familiale / |cpar Marisa Rondina.
260 |aOttawa - Ontario : |bTravaux publics et Services gouvernementaux Canada. |c1994.
300 |a209p. ; |c22 cm.
4901 |aBulletin de terminologie|x0706-148X|v222
500 |a«Le présent vocabulaire se rattache au problème social que constitue la violence familiale. On y traite donc de la violence dans ses nombreuses manifestations: violence parentale, violence sexuelle à l'égard des enfants, agression sexuelle, violence faite aux femmes, violence envers les personnes âgées, violence envers les personnes désavantagées, violence chez les Autochtones. La question y est également abordée sous l'angle de la sociologie, de la psychologie, du service social et du droit canadien.»--Introduction.
5203 |aBulletin de terminologie 222. Par Marisa Rondina. Le présent vocabulaire met l'accent sur de multiples facettes du problème social qu'est la violence familiale : violence parentale, violence sexuelle à l'égard des enfants, agression sexuelle, violence faite aux femmes, violence envers les personnes âgées, violence envers les personnes désavantagées, violence chez les autochtones. La question y est également abordée sous l'angle de la sociologie, de la psychologie, du service social et du droit canadien.
546 |aBilingue
563 |aCouverture souple
590 |a94-14|b1994-04-08
69107|aViolence familiale|2gcpds
69107|aTerminologie|2gcpds
7201 |aRondina, Marisa
7760#|tVocabulary of family violence / |w(CaOODSP)9.590555
791 |tVocabulary of family violence / |eeng|w(CaOODSP)9.523576
830#0|aBulletin de terminologie,|x0706-148X|v222|w(CaOODSP)9.509599